Reestructuracin̤, insolvencia y exoneracin̤ de deudas estudio procesal /

Detalles Bibliográficos
Autor principal: Calaza Lp̤ez, Sonia
Formato: eBook
Lenguaje:español
Publicado: Madrid: Dykinson, 2022
Materias:
Acceso en línea:Acceso restringido

MARC

LEADER 00000nam a22000007a 4500
005 2022071902552.0
007 cr|||| ||||
008 220719s2022 es |||||s|||| 00||0 spa d
020 |a 978-84-1122-132-0 
035 |a 36470 
040 |a vLex 
090 |c 13601  |d 13601 
100 1 |a Calaza Lp̤ez, Sonia 
245 1 0 |a Reestructuracin̤, insolvencia y exoneracin̤ de deudas  |h [Recurso electrn̤ico] :  |b estudio procesal /  |c Sonia Calaza Lp̤ez 
256 |a Servicio en ln̕ea 
260 |a Madrid:  |b Dykinson,  |c 2022 
300 |a 1 recurso electrn̤ico 
500 |a Esta monografa̕ constituye un estudio cientf̕ico de los aspectos procesales ms̀ relevantes del concurso de acreedores conforme al Texto refundido de la Ley Concursal aprobado por el Real Decreto Legislativo 1/2020, de 5 de mayo (TRLC). La autora ofrece un anl̀isis, en profundidad, de los siguientes puntos: la Jurisdiccin̤ y competencia; el procedimiento concursal; la aplicacin̤ y especialidades del procedimiento abreviado; el incidente concursal; los recursos concursales; los efectos procesales de la declaracin̤ del concurso; la publicidad telemt̀ica; y el Registro pb︢lico concursal. 
506 1 |a Disponible solo en los productos indicados  |d vLex Global  |d vLex Global (Academic Edition, excluding Law Schools)  |d vLex Global (U.S. Academic Edition, Law Schools)  |d vLex Global (U.S. Academic Edition, excluding Law Schools)  |d vLex Global (Academic Edition, Law Schools) 
650 0 4 |a Derecho Mercantil y de la Empresa  |z Espaą 
740 0 |a vLex Libros (Servicio en ln̕ea) 
856 4 0 |u https://app.vlex.com/#/sources/36470  |z Acceso restringido 
942 |c BOOK 
999 0 |a Commercial and Company Law